000 00767nam a2200217 i 4500
001 144733
003 ES-MaACL
005 20251003063130.0
007 t|
008 070214s1950 sp r ||||1| spa d
100 1 _aSkorzeny, Otto,
_d1908-1975
_9106756
245 1 0 _aMisiones secretas /
_cOtto Skorzeny ; [traducción por Carlos Martínez-Barbeito].
250 _a1ª ed.
260 _aBarcelona :
_bDestino,
_c1950 (
_fAgustín Núñez)
300 _a226 p. ;
_c19 cm.
650 _aGuerra mundial, 1939-1945-
_xServicios secretos-
_zAlemania.
_9163961
650 4 _aGuerra mundial, 1939-1945-
_vRelatos personales alemanes.
_913255
700 1 _aMartínez-Barbeito, Carlos,
_d1913-1997
_977884
852 _aES-MaACL
_jD-6190
999 _c144733
_d144733